Le Psychodrame et la Vie /

Đã lưu trong:
Chi tiết về thư mục
Tác giả chính: Pour, Pierre (autor)
Định dạng: Sách
Ngôn ngữ:Tiếng Pháp
Những chủ đề:
Các nhãn: Thêm thẻ
Không có thẻ, Là người đầu tiên thẻ bản ghi này!

MARC

LEADER 00000nam^a2200000^a^4500
001 000072002
005 20250521000000.0
009 20260310091537.45
037 |a Acervo ITESO - Biblioteca 
041 |a FRA 
082 |a 157. 91  |b BOU 
100 |a Pour, Pierre  |e (autor) 
245 1 3 |a Le Psychodrame et la Vie /  |c P. Bour. 
264 |a París, Francia :  |b Desclée de Brouwer,  |c 1968 
300 |a 359 p. 
336 |a texto  |b txt  |2 rdacontenido 
337 |a sin mediación  |b n  |2 rdamedio 
338 |a volumen  |b nc  |2 rdasoporte 
649 |a XX 
650 |a Psicoanálisis -  |x Técnica 
650 |a Psicoanálisis -  |x Técnica 
650 |a Dinámica de Grupos 
910 |a Fondo Armando Suárez Gómez 
920 |a Impresos - Libros 
930 |a Fondos Especiales 
905 |a 111 
901 |a 0700002961  |b IT2  |c ESP  |u 20250521 
902 |a https://opac.biblio.iteso.mx/vufind/Record/000072002